000
00336nam a2200133 a 4500
005
20140414131908.0
008
101002s19uu xx 00 eng d
050
_a
ER
_b
Al7 1989
100
_a
Wagenman, Mark
245
_a
Aloha bear and Maui the whale.
260
_a
Hawaii :
_b
Island heritage,
_c
1989.
440
_a
999
_c
111034
_d
111034